• 首页
  • 本馆介绍
  • 公告通知
  • 最新文献
  • 馆藏检索
  • 电子资源
  • 读者导购
  • 参考咨询
  • 我的图书馆
  • 登录
  • 详细信息显示
  • 放入我的书架
  • 预约/预借图书
  • 作者相关作品
  • 分类相关作品
  • 丛书相关作品
  • 出版社相关作品

书目信息

  • 表格格式
  • 工作单格式
  • 卡片格式
题名:
三国法专题讲座
    
 
作者: 李曰龙 编著
分册:   背诵卷
出版信息: 北京   中国石化出版社  2020
页数: 160页
开本: 26cm
丛书名:
单 册:
中图分类: D99
科图分类:
主题词: 国际法--资格考试--自学参考资料 , 国际私法--资格考试--自学参考资料 , 国际经济法--资格考试--自学参考资料
电子资源:
ISBN: 978-7-5114-5830-8
000 00923nam0 2200253 450
001 2354079428
005 20230928150205.50
010    @a978-7-5114-5830-8@dCNY30.00
100    @a20210225d2020 em y0chiy50 ea
101 0  @achi
102    @aCN@b110000
105    @ay z 000yy
200 1  @a三国法专题讲座@Asan guo fa zhuan ti jiang zuo@i背诵卷@f李曰龙编著
210    @a北京@c中国石化出版社@d2020
215    @a160页@d26cm
300    @a方圆众合教育 2020年国家统一法律职业资格考试 8
330    @a本书分为国际公法、国际私法、国际经济法三部分,共22个专题,内容包括:国际法的基本原则、国家、国际法上的空间划分、国际法上的个人、外交和领事关系法、条约法等。
606 0  @a国际法@x资格考试@j自学参考资料
606 0  @a国际私法@x资格考试@j自学参考资料
606 0  @a国际经济法@x资格考试@j自学参考资料
690    @aD99@v5
701  0 @a李曰龙@Ali yue long@4编著
801  0 @aCN@b山东中教@c20230928
905    @aBZT@dD99@e10:1
    
    三国法专题讲座.背诵卷/李曰龙编著.-北京:中国石化出版社,2020
    160页;26cm
    方圆众合教育 2020年国家统一法律职业资格考试 8
    
    ISBN 978-7-5114-5830-8:CNY30.00
    本书分为国际公法、国际私法、国际经济法三部分,共22个专题,内容包括:国际法的基本原则、国家、国际法上的空间划分、国际法上的个人、外交和领事关系法、条约法等。
●
相关链接 在五车中查询图书 在当当中查询图书 在豆瓣中查询图书


正题名:三国法专题讲座     索取号:D99/10:1         预约/预借

序号 登录号 条形码 馆藏地/架位号 状态 备注
1 2000970113   2000970113   第四书库/四5架A面4层2列/ [索取号:D99/10:1] 在馆    
2 2000970114   2000970114   第四书库/四5架A面4层2列/ [索取号:D99/10:1] 在馆    
3 2000970115   2000970115   第四书库/四5架A面4层2列/ [索取号:D99/10:1] 在馆    
4 2000970116   2000970116   第四书库/四5架A面4层2列/ [索取号:D99/10:1] 在馆    
5 2000970117   2000970117   第四书库/四5架A面4层2列/ [索取号:D99/10:1] 在馆    
6 2000970118   2000970118   第四书库/四5架A面4层2列/ [索取号:D99/10:1] 在馆    
山东省滨州职业学院图书馆 欢迎您!
大连网信软件有限公司© 版权所有